Catálogo de los dibujos, aguadas y acuarelas de la expedición Malaspina 1789-1794 (donación Carlos Sanz) / (Record no. 15696)

MARC details
000 -LEADER
campo de control de longitud fija 01240nam a2200301 i 4500
001 - NÚMERO DE CONTROL
campo de control 15696
003 - IDENTIFICADOR DE NÚMERO DE CONTROL
campo de control ES-MaACL
005 - FECHA Y HORA DE LA ÚLTIMA TRANSACCIÓN
campo de control 20250807064752.0
007 - CAMPO FIJO DE DESCRIPCIÓN FÍSICA--INFORMACIÓN GENERAL
campo de control de longitud fija t|
008 - DATOS DE LONGITUD FIJA--INFORMACIÓN GENERAL
campo de control de longitud fija 000504s1980 sp a |||| | spa
017 ## - NÚMERO DE COPYRIGHT O DE DEPÓSITO LEGAL
Número de copyright o de depósito legal M 43221-1980
Agencia que asigna Oficina Depósito Legal Madrid
020 ## - NÚMERO INTERNACIONAL ESTÁNDAR DEL LIBRO
Número Internacional Estándar del Libro 84-7483-158-X
080 ## - NÚMERO DE LA CLASIFICACIÓN DECIMAL UNIVERSAL
Número de la Clasificación Decimal Universal 910.4"1789":5(0:74)
080 ## - NÚMERO DE LA CLASIFICACIÓN DECIMAL UNIVERSAL
Número de la Clasificación Decimal Universal 7(7/8):069(460.27 M.)América
110 2# - ENTRADA PRINCIPAL--NOMBRE DE ENTIDAD CORPORATIVA
Nombre de entidad corporativa o nombre de jurisdicción como elemento de entrada Museo de América.
Término indicativo de función/relación entidad responsable
9 (RLIN) 5835
245 10 - MENCIÓN DEL TÍTULO
Título Catálogo de los dibujos, aguadas y acuarelas de la expedición Malaspina 1789-1794 (donación Carlos Sanz) /
Mención de responsabilidad, etc. por Mercedes Palau de Iglesias
260 ## - PUBLICACIÓN, DISTRIBUCIÓN, ETC.
Lugar de publicación, distribución, etc. [Madrid] :
Nombre del editor, distribuidor, etc. Ministerio de Cultura, Dirección General de Bellas Artes, Archivos y Bibliotecas, Patronato Nacional de Museos,
Fecha de publicación, distribución, etc. [1980]
300 ## - DESCRIPCIÓN FÍSICA
Extensión 388 páginas :
Otras características físicas ilustraciones ;
Dimensiones 24 cm +
Material acompañante/anejo 1 hoja plegada
504 ## - NOTA DE BIBLIOGRAFÍA, ETC.
Nota de bibliografía, etc. Bibliografía: páginas 363-367
610 24 - PUNTO DE ACCESO ADICIONAL DE MATERIA--NOMBRE DE ENTIDAD CORPORATIVA
Nombre de entidad corporativa o nombre de jurisdicción como elemento de entrada Museo de América-
Subdivisión general Catálogos.
9 (RLIN) 5836
611 24 - PUNTO DE ACCESO ADICIONAL DE MATERIA--NOMBRE DE REUNIÓN/CONGRESO
Nombre de congreso/reunión o jurisdicción como elemento de entrada Expedición Malaspina
Fecha del congreso o de la firma del tratado (1789-1794)
9 (RLIN) 644
700 1# - ENTRADA AGREGADA--NOMBRE PERSONAL
Nombre de persona Palau Baquero, Mercedes,
Fechas asociadas al nombre 1935-2023
Término indicativo de función/relación Autor
9 (RLIN) 88495
710 2# - ENTRADA AGREGADA--NOMBRE DE ENTIDAD CORPORATIVA
Nombre de entidad corporativa o nombre de jurisdicción como elemento de entrada Patronato Nacional de Museos (España)
Término indicativo de función/relación Editor
9 (RLIN) 6192
852 4# - LOCALIZACIÓN
Ubicación ES-MaACL
Ubicación en estantería Depósito 2
Número de control de estantería L-23113
942 ## - ELEMENTOS DE ENTRADA SECUNDARIOS (KOHA)
Fuente del sistema de clasificación o colocación Clasificación decimal universal
Tipo de ítem Koha Libro impreso
Suprimir en OPAC No
Holdings
Estatus retirado Estado de pérdida Fuente del sistema de clasificación o colocación Estado de daño No para préstamo Biblioteca de origen Biblioteca actual Ubicación en estantería Fecha de adquisición Total de préstamos Signatura topográfica completa Código de barras Visto por última vez Tipo de ítem Koha
    Clasificación decimal universal     Biblioteca del Ateneo de Madrid Biblioteca del Ateneo de Madrid Depósito 2 17/01/2008   L-23113 1015955 23/02/2023 Libro impreso